Theology for sceptics (Record no. 23540)
[ view plain ]
| 000 -LEADER | |
|---|---|
| fixed length control field | 00853nam a22001697a 4500 |
| 020 ## - INTERNATIONAL STANDARD BOOK NUMBER | |
| ISBN | 9780264673332 |
| 082 ## - DEWEY DECIMAL CLASSIFICATION NUMBER | |
| Classification number | 230 |
| Author Cutter | DOR |
| 100 ## - MAIN ENTRY--AUTHOR NAME | |
| Author name | Dorothee Sölle |
| 245 ## - TITLE STATEMENT | |
| Title | Theology for sceptics |
| 260 ## - PUBLICATION, DISTRIBUTION, ETC. (IMPRINT) | |
| Place of publication | Mowbray, |
| Name of publisher | London, |
| Year of publication | 1995 |
| 300 ## - PHYSICAL DESCRIPTION | |
| Number of Pages | 126 |
| 505 ## - FORMATTED CONTENTS NOTE | |
| Formatted contents note | 1. Speaking of God<br/>2. Images of God<br/>3. Names of God<br/>4. The Unkown God<br/>5.God's pain and ours<br/>6. Christ, the man for others<br/>7. Cross and resurrection<br/>8. Loving God<br/>9. Trusting God |
| 520 ## - SUMMARY, ETC. | |
| Summary, etc | The author assembles critical and innovatory sketches of another understanding of God. Her enquiry leads her to the conclusion that we today are not finished with God, that God lives in awakenings towards liberation and mysticism and in experiences of politically and spiritually aware people. |
| 650 ## - SUBJECT ADDED ENTRY--TOPICAL TERM | |
| Topical Term | Belief and doubt Christianity |
| -- | Croyance et doute |
| 942 ## - ADDED ENTRY ELEMENTS (KOHA) | |
| Koha item type | Books |
| Home library | Current library | Shelving location | Date acquired | Source of acquisition | Cost, normal purchase price | Full call number | Accession Number | Koha item type |
|---|---|---|---|---|---|---|---|---|
| Henry Martyn Institute Library | Henry Martyn Institute Library | General stacks | 06/26/2025 | Kohinoor Book Distributor | 1517.00 | 230 DOR | 25990 | Books |
